000 00465nam a2200133 4500
999 _c9223
_d9223
008 180419b ||||| |||| 00| 0 eng d
082 _aDPer 050 Dec 2015-Mar 2016 T48 v186-187
100 _927527
_aAltman, Alex.
245 _aTribal warrior:
_bhow does Donald Trump win?divide and conquer/
_cAlex Altman.
260 _aNew York:
_bTime Inc.,
_c©Dec 2015-Mar 2016.
300 _av187 n9, pages 27-29:
_c27 cm.
650 0 _927528
_aCampaign.
942 _2ddc
_cPER